000 00999cab a22002295a 4500
001 L145832
008 081111e20081108xxk f g 000 0 eng d
035 _a(Sirsi) u145832
041 0 _aeng
100 1 _aGreen, David
245 0 0 _aMaking the right choice isn't easy
260 _c2008
490 _aEstates Gazette
_v(0844) 8 November 2008, 112(1)
520 _aArticle responds to 'Taking the arbitration gamble' (L145832). The authors assert that, while arbitration can be expensive, it can prove considerably quicker than going through the courts and suggest that in most cases bar those where a precedent is being established, arbitration should be the preferred option.
590 _aKA
650 2 4 _aARBITRATION ACT 1996
650 2 4 _aLANDLORD AND TENANT ACT 1954
651 4 _aUnited Kingdom
_y
690 _aMANAGEMENT-DISPUTE AVOIDANCE, MANAGEMENT AND RESOLUTION-DISPUTE MANAGEMENT AND RESOLUTION-ALTERNATIVE DISPUTE RESOLUTION
700 1 _aCheffings, Nicholas
942 _n0
999 _c80955
_d80955